000 00295 a2200145 4500
001 176140
020 _a
040 _cMagnum
100 _aPbh
240 1 0 _aAlternativas alimentares
_lpor
245 1 0 _aAlternativas alimentares
362 0 _a1899
697 _aMAGNITO: GERAL
942 _cBK
999 _c176140
_d176140